LEADER 01598nam a2200289 a 4500 001 000000147770 003 CaOOAMICUS 005 20151127134807.0 008 151127s2015 it rm 000 0 eng c 032 $aLibriCat 040 $aPUL$bita 100 1 $aPittappillil, Mathew.$0(OLS)http://pul/name/94416 245 10$aFrom mythical cosmogony to scientific cosmology :philosophy: $ba critique of the evolutionary strands of Western cosmology and its history in comparison with the Samkhya and Vaiseshika systems of Indian philosophy /$cMathew Pittappillil. 260 $aRomae :$b[s.n.],$c2015. 300 $a183 p.:$bill., graf., tav.;$c24 cm 502 $aEstratto da Tesi di Dottorato in Filosofia--Pontificia Universitas Lateranensis, 2015. 504 $aBibliografia: p.[163]-179. 650 4$aFilosofia indiana$xStudi.$0(OLS)http://pul/subject/13356 650 4$aCosmogonia.$0(OLS)http://pul/subject/1015 650 4$aCosmologia (filosofia).$0(OLS)http://pul/subject/36418 710 2 $aPontificia Universitą Lateranense$bFacoltą di filosofia$kTesi.$0(OLS)http://pul/name/81773 850 $aPUL 852 $aPUL$W1$xDP1 Tesi Pon Univ. Lateranense$y41$m2015 A 8$j170621$qTesi$B171569$CPULBib$Z2$F171569 $82 941 1 $a16 996 $6245$aFrom mythical cosmogony to scientific cosmology :philosophy: $ba critique of the evolutionary strands of Western cosmology and its history in comparison with the Samkhya and Vaiseshika systems of Indian philosophy$9(OLS)http://pul/title/186466 996 $6260$aRomae :$b[s.n.]$9(OLS)http://pul/publisher/48223 LEADER 01443nam a2200313 a 4500 001 000000159277 003 CaOOAMICUS 005 20170307101054.0 008 170307s2016 vc aofc u000 u ita r 020 $a978-88-209-9944-5* 032 $aLibriCat 040 $aPUL$bita 082 04$a232.91 245 03$aLa Madonna del Pianto di Foligno :$bIII centenario dell'incoronazione /$ca cura di Giuseppe Bertini, Enrico Presilla, Luigi Sensi. 260 $aCittą del Vaticano :$bLibreria editrice vaticana,$c©2016. 300 $aXXVIII, 779, [18] c. di tav. :$bill., ritr., foto. ;$c24 cm. 504 $aBibliografia in nota. 650 4$aMariologia$xStoria.$0(OLS)http://pul/subject/35079 700 1 $aBertini, Giuseppe.$0(OLS)http://pul/name/101809 700 1 $aSensi, Luigi.$0(OLS)http://pul/name/85378 700 1 $aPresilla, Enrico.$0(OLS)http://pul/name/101808 850 $aPUL 852 $aPUL$W1$xDP2 Religione 3$y114$m232. 91 BERGI 1$j182583$qDDC 21$B185790$CPULBib$Z2$F185790 $H129021 $81 941 1 $a9 996 $6020$a978-88-209-9944-5*$9(OLS)http://pul/number/162158 996 $6082$a232.91$9(OLS)http://pul/classification/543 996 $6245$aLa Madonna del Pianto di Foligno :$bIII centenario dell'incoronazione$9(OLS)http://pul/title/198895 996 $6260$aCittą del Vaticano :$bLibreria editrice vaticana$9(OLS)http://pul/publisher/47920